Państwa mające zielony kolor we fladze - Statystyki

Ogólne statystyki
  • Ten quiz został rozwiązany 65 razy
  • Średni wynik to 47 z 96
Statystyki odpowiedzi
% Poprawnych
Europa Włochy
96%
A. Płd. Brazylia
85%
Europa Portugalia
85%
Europa Białoruś
81%
Europa Irlandia
81%
A. Płn. Meksyk
77%
Europa Litwa
75%
Azja Arabia Saudyjska
74%
Europa Bułgaria
74%
Afryka Niger
70%
Europa Węgry
70%
Afryka Nigeria
68%
Afryka RPA
68%
Afryka Algieria
62%
Azja Indie
62%
Azja Irak
62%
Azja Iran
62%
Azja Azerbejdżan
60%
A. Płn. Jamajka
60%
Azja Bangladesz
58%
A. Płn. Dominika
58%
Afryka Libia
58%
Azja Afganistan
57%
A. Płd. Boliwia
57%
Azja Pakistan
57%
Azja Syria
57%
Afryka Kenia
53%
Afryka Kongo
53%
Azja Tadżykistan
53%
Azja Turkmenistan
53%
A. Płd. Gujana
51%
Azja Liban
51%
Afryka Madagaskar
51%
Afryka Maroko
51%
Azja Oman
51%
Azja Uzbekistan
51%
Afryka Wybrzeże Kości Słoniowej
51%
Afryka Zambia
51%
Azja Zjednoczone Emiraty Arabskie
51%
Afryka Gabon
49%
Afryka Gwinea
49%
Europa San Marino
49%
Afryka Senegal
49%
Afryka Zimbabwe
49%
A. Płd. Ekwador
47%
Afryka Etiopia
47%
Afryka Kamerun
47%
A. Płd. Paragwaj
47%
A. Płd. Peru
47%
Afryka Sudan
47%
A. Płn. Dominikana
45%
Afryka Ghana
45%
Azja Kuwejt
45%
Afryka Mali
45%
A. Płd. Surinam
45%
A. Płd. Wenezuela
45%
Afryka Erytrea
43%
A. Płn. Haiti
43%
Afryka Lesotho
43%
Europa Mołdawia
43%
Afryka Mozambik
43%
Afryka Togo
43%
Australia Fidżi
42%
Azja Jordania
42%
Azja Malediwy
42%
Afryka Seszele
42%
Azja Sri Lanka
42%
Afryka Sudan Południowy
42%
Azja Cypr
40%
Afryka Dżibuti
40%
A. Płn. Saint Kitts i Nevis
40%
Afryka Benin
38%
Afryka Gambia
38%
A. Płn. Belize
36%
Afryka Burkina Faso
36%
A. Płn. Grenada
36%
Afryka Gwinea Bissau
36%
Afryka Gwinea Równikowa
36%
Afryka Mauretania
36%
A. Płn. Nikaragua
36%
Afryka Tanzania
36%
A. Płn. Gwatemala
34%
Afryka Namibia
34%
Afryka Rwanda
34%
A. Płn. Salwador
34%
Australia Vanuatu
34%
Afryka Komory
32%
Afryka Malawi
32%
Afryka Burundi
30%
Azja Mjanma
30%
A. Płn. Saint Vincent i Grenadyny
30%
Australia Wyspy Salomona
30%
Afryka Mauritius
28%
Afryka Republika Środkowoaf
28%
Afryka Sierra Leone
26%
Afryka Wyspy Świętego Tomasza i Książęca
26%
Nie znaleziono quizów pasujących do podanych kryteriów
Rozkład punktacji
Procent ludzi z każdym wynikiem
Percentyl według liczby udzielonych odpowiedzi
Twoja historia wyników
Nie rozwiązałeś tego quizu